<?xml version="1.0" encoding="UTF-8"?>
<marc:record xmlns:marc="http://www.loc.gov/MARC21/slim">
   <marc:leader>00000nam a2200000 a 4500</marc:leader>
   <marc:datafield ind1="1" ind2=" " tag="100">
      <marc:subfield code="a">Gattis, Ryan</marc:subfield>
      <marc:subfield code="4">aut</marc:subfield>
      <marc:subfield code="e">Verfasser/-in</marc:subfield>
   </marc:datafield>
   <marc:datafield ind1="1" ind2=" " tag="100">
      <marc:subfield code="a">Herzke, Ingo</marc:subfield>
      <marc:subfield code="4">trl</marc:subfield>
      <marc:subfield code="e">Übersetzer/-in</marc:subfield>
   </marc:datafield>
   <marc:datafield ind1="0" ind2="0" tag="245">
      <marc:subfield code="a">In den Straßen die Wut</marc:subfield>
   </marc:datafield>
   <marc:datafield ind1="0" ind2="0" tag="245">
      <marc:subfield code="b">Thriller</marc:subfield>
   </marc:datafield>
   <marc:datafield ind1="0" ind2="0" tag="245">
      <marc:subfield code="c">Ryan Gattis. Aus dem Engl. von Ingo Herzke</marc:subfield>
   </marc:datafield>
   <marc:datafield ind1=" " ind2="1" tag="264">
      <marc:subfield code="a">Reinbek bei Hamburg</marc:subfield>
      <marc:subfield code="b">Rowohlt Polaris</marc:subfield>
      <marc:subfield code="c">2016</marc:subfield>
   </marc:datafield>
   <marc:datafield ind1="1" ind2=" " tag="520">
      <marc:subfield code="a">Angaben aus der Verlagsmeldung

In den Straßen die Wut Gattis, In den Straßen die Wut / von Ryan Gattis

Ein Roman wie ein Tarantino-Film, ein Gewaltexzess, ein Experiment, ein Buch ohne Vorbild. Sechs Tage im Jahr 1992. Los Angeles explodiert: Straßenschlachten, überall brennt es; der Tod triumphiert mitten im Herzen der westlichen Welt. Was passiert, wenn die Polizei eine Stadt den Armeen der Gangs überlässt? Rechnungen werden beglichen, noch und noch. Am Anfang ein unmenschlicher Mord: Erzählt wird er vom Opfer. Dann kommen andere zu Wort: skrupellose und weniger skrupellose Gangster, rassistische Polizisten, Krankenschwestern, Junkies, junge Mitläufer. Und es entsteht das Bild einer Gesellschaft, in der der Stärkere den Schwächeren frisst und die sich im Ausnahmezustand gänzlich enthüllt.
</marc:subfield>
   </marc:datafield>
   <marc:datafield ind1=" " ind2=" " tag="020">
      <marc:subfield code="a">9783499270406</marc:subfield>
      <marc:subfield code="9">9783499270406</marc:subfield>
   </marc:datafield>
   <marc:datafield ind1=" " ind2=" " tag="020">
      <marc:subfield code="a">3499270404</marc:subfield>
      <marc:subfield code="9">3499270404</marc:subfield>
   </marc:datafield>
   <marc:datafield ind1=" " ind2=" " tag="300">
      <marc:subfield code="a">525 Seiten</marc:subfield>
   </marc:datafield>
</marc:record>
